Relatos de Kolymá / (Record no. 185589)

MARC details
000 -LEADER
campo de control de longitud fija 01133nam a2200301 i 4500
001 - NÚMERO DE CONTROL
campo de control 185589
003 - IDENTIFICADOR DE NÚMERO DE CONTROL
campo de control SpMaBN
005 - FECHA Y HORA DE LA ÚLTIMA TRANSACCIÓN
campo de control 20230906222455.0
008 - DATOS DE LONGITUD FIJA--INFORMACIÓN GENERAL
campo de control de longitud fija 160720s1997 sp |||| |bspa d
020 ## - NÚMERO INTERNACIONAL ESTÁNDAR DEL LIBRO
Número Internacional Estándar del Libro 84-397-0141-1
080 ## - NÚMERO DE LA CLASIFICACIÓN DECIMAL UNIVERSAL
Número de la Clasificación Decimal Universal 929 Shalamov, Varlam Tijonovich
080 ## - NÚMERO DE LA CLASIFICACIÓN DECIMAL UNIVERSAL
Número de la Clasificación Decimal Universal 343.819.5(571.5 Kolimá)
080 ## - NÚMERO DE LA CLASIFICACIÓN DECIMAL UNIVERSAL
Número de la Clasificación Decimal Universal 94(47+57)"1925/53"(093.3)
100 1# - ENTRADA PRINCIPAL--NOMBRE DE PERSONA
Nombre de persona Shalámov, Varlam Tijonovich (
Fechas asociadas al nombre 1907-1982)
9 (RLIN) 160180
245 10 - MENCIÓN DEL TÍTULO
Título Relatos de Kolymá /
Mención de responsabilidad, etc. Varlam Shalámov ; traducción de Ricardo San Vicente ; epílogo y cronología de I.P. Sirotínskaya.
250 ## - MENCION DE EDICION
Mención de edición 1ª ed.
260 ## - PUBLICACIÓN, DISTRIBUCIÓN, ETC.
Lugar de publicación, distribución, etc. Barcelona :
Nombre del editor, distribuidor, etc. Mondadori,
Fecha de publicación, distribución, etc. 1997.
300 ## - DESCRIPCIÓN FÍSICA
Extensión 509 p. ;
Dimensiones 23 cm.
490 1# - MENCIÓN DE SERIE
Mención de serie Literatura Mondadori ;
Designación de volumen o secuencia 71
504 ## - NOTA DE BIBLIOGRAFÍA, ETC.
Nota de bibliografía, etc. Bibliografía: p. 509.
600 17 - PUNTO DE ACCESO ADICIONAL DE MATERIA--NOMBRE DE PERSONA
Nombre de persona Shalámov, Varlam Tijonovich (
Fechas asociadas al nombre 1907-1982)
9 (RLIN) 160180
651 #7 - PUNTO DE ACCESO ADICIONAL DE MATERIA--NOMBRE GEOGRÁFICO
Nombre geográfico Kolimá (URSS, Campo de concentración)
9 (RLIN) 160181
651 #7 - PUNTO DE ACCESO ADICIONAL DE MATERIA--NOMBRE GEOGRÁFICO
Nombre geográfico URSS-
Subdivisión general Historia-
Subdivisión cronológica 1925-1953-
Subdivisión de forma Relatos personales.
9 (RLIN) 9473
700 1# - ENTRADA AGREGADA--NOMBRE PERSONAL
Nombre de persona San Vicente, Ricardo.
9 (RLIN) 102314
830 0# - PUNTO DE ACCESO ADICIONAL DE SERIE-TÍTULO UNIFORME
Título uniforme Literatura Mondadori ;
Designación de volumen o secuencia 71
9 (RLIN) 178630
852 ## - LOCALIZACIÓN
Ubicación ES-MaACL
Número de control de estantería L-30463
Nota libre . - Donat. Miguel A. Velasco
Holdings
Estatus retirado Estado de pérdida Estado de daño No para préstamo Biblioteca de origen Biblioteca actual Ubicación en estantería Fecha de adquisición Fuente de adquisición Total de préstamos Signatura topográfica completa Código de barras Visto por última vez Precio de reemplazo Tipo de ítem Koha
        Biblioteca del Ateneo de Madrid Biblioteca del Ateneo de Madrid Depósito 2 20/07/2016     L-30463 1195627 23/02/2023 23/02/2023 Libro impreso